| Tag |
First Indicator |
Second Indicator |
Subfields |
| LEADER |
00000cam a2200000 i 4500 |
| 001 |
in00000577982 |
| 005 |
20151014082729.0 |
| 008 |
770719s1969 couab bt 00010 eng d |
| 035 |
|
|
|a (OCoLC)03124701
|
| 035 |
|
|
|9 ACQ2079AM
|
| 040 |
|
|
|a GIS
|c GIS
|d TXA
|d UtOrBLW
|
| 049 |
1 |
|
|a TXA2
|
| 090 |
|
|
|a GB653
|b .H9 no. 34
|
| 100 |
1 |
|
|a Dumas, Andre J.
|
| 245 |
1 |
0 |
|a Statistical discrimination of change in daily runoff /
|c by Andre J. Dumas and Hubert J. Morel-Seytoux.
|
| 264 |
|
1 |
|a Fort Collins :
|b Colorado State University,
|c 1969.
|
| 300 |
|
|
|a vii, 29 pages :
|b illustrations ;
|c 28 cm.
|
| 336 |
|
|
|a text
|b txt
|2 rdacontent
|
| 337 |
|
|
|a unmediated
|b n
|2 rdamedia
|
| 338 |
|
|
|a volume
|b nc
|2 rdacarrier
|
| 490 |
1 |
|
|a Hydrology papers ;
|v no. 34
|
| 504 |
|
|
|a Bibliography: page 27.
|
| 650 |
|
0 |
|a Runoff.
|
| 650 |
|
0 |
|a Hydrology.
|
| 700 |
1 |
|
|a Morel-Seytoux, Hubert J.
|
| 710 |
2 |
|
|a Colorado State University.
|
| 830 |
|
0 |
|a Hydrology papers ;
|v no. 34.
|
| 999 |
|
|
|a MARS
|
| 999 |
f |
f |
|s 749cc5d8-43e2-3afb-8dc6-ad080187f46f
|i 446e3fa5-ee5d-32ac-b46a-2e9993d14880
|t 0
|
| 952 |
f |
f |
|p ric
|a Texas A&M University
|b Rellis Campus
|c Joint Library Facility
|s JLF
|d Remote Storage
|t 0
|e GB653 .H9 no. 34
|h Library of Congress classification
|i unmediated -- volume
|m A14810812105
|
| 952 |
f |
f |
|a Texas A&M University
|b College Station
|c Sterling C. Evans Library
|s Evans stk
|d Evans: Library Stacks
|t 0
|e GB653 .H9 no. 31-35
|h Library of Congress classification
|
| 998 |
f |
f |
|a GB653 .H9 no. 34
|t 0
|l Remote Storage
|
| 998 |
f |
f |
|a GB653 .H9 no. 31-35
|t 0
|l Evans: Library Stacks
|